Derecho penal. Parte especial

Збережено в:
Бібліографічні деталі
Автор: Labatut Glena, Gustavo (Автор)
Формат: Книга
Мова:Іспанська
Опубліковано: Santiago Jurídica de Chile 1964
Редагування:4a. ed
Серія:Colección de Estudios Jurídicos y Sociales, 28
Предмети:
Теги: Додати тег
Немає тегів, Будьте першим, хто поставить тег для цього запису!

MARC

LEADER 00000nam a2200000 a 4500
001 UCI2599
003 CL-VaPUC
008 070831e19640000CL |||||||||||||||||spa|d
082 0 4 |a 345.83  |b LAB  |2 21 
100 |a Labatut Glena, Gustavo  |e author  |9 523836 
245 1 0 |a Derecho penal. Parte especial  
250 |a 4a. ed 
300 |a v 
942 |c BK 
945 |d 20070831 00:00:00  |a rbrito 
260 |a Santiago  |b Jurídica de Chile  |c 1964 
650 7 |a DERECHO PENAL  |2 CL-VaPUC  |9 11 
583 |a last modification  |c 20070831 00:00:00  |k Rodrigo Vera 
490 0 |a Colección de Estudios Jurídicos y Sociales, 28 
999 |c 327088  |d 327086 
952 |0 0  |1 0  |4 0  |6 345_830000000000000_LAB_1964  |7 0  |8 A  |9 409504  |a BIBDER  |b BIBDER  |d 2019-11-22  |h v.2  |i 3001091  |l 1  |m 2  |o 345.83 LAB 1964  |p 3001091  |r 2023-06-27  |s 2023-06-05  |w 2019-11-22  |y BK  |k DER